Платина, ее сплавы и композиционные материалы

Bibliografske podrobnosti
Drugi avtorji: Васильева Е. В. Елена Валентиновна (редактор)
Jezik:ruščina
Izdano: Москва, Металлургия, 1980
Teme:
Format: MixedMaterials Knjiga
KOHA link:https://koha.lib.tpu.ru/cgi-bin/koha/opac-detail.pl?biblionumber=142317

MARC

LEADER 00000nam0a2200000 4500
001 142317
005 20231031142717.0
020 |a RU  |b 80-29970 
035 |a (RuTPU)RU\TPU\book\154230 
090 |a 142317 
100 |a 20080904d1980 km y0rusy5003 ca 
101 0 |a rus 
102 |a RU 
105 |a a z 001zy 
200 1 |a Платина, ее сплавы и композиционные материалы  |g Под ред. Е. В. Васильевой 
210 |a Москва  |c Металлургия  |d 1980 
215 |a 296 с.  |c ил. 
320 |a Библиогр.: с. 283-293. 
320 |a Предметный указатель: с. 294-295. 
610 1 |a платина 
610 1 |a сплавы 
610 1 |a композиционные материалы 
610 1 |a структура 
610 1 |a свойства 
610 1 |a сплавы 
610 1 |a упрочнение 
610 1 |a методы 
675 |a 669.23  |v 3 
702 1 |a Васильева  |b Е. В.  |g Елена Валентиновна  |4 340 
801 0 |a RU  |b RuMRKP  |c 19950704  |g psbo 
801 1 |a RU  |b 63413507  |c 20080904  |g PSBO 
801 2 |a RU  |b 63413507  |c 20151012  |g PSBO 
942 |c BK